Book of Poems (Record no. 9470)

MARC details
000 -LEADER
fixed length control field 00452nam a22001697a 4500
003 - CONTROL NUMBER IDENTIFIER
control field OSt
005 - DATE AND TIME OF LATEST TRANSACTION
control field 20260415082941.0
008 - FIXED-LENGTH DATA ELEMENTS--GENERAL INFORMATION
fixed length control field 260415b |||||||| |||| 00| 0 eng d
020 ## - INTERNATIONAL STANDARD BOOK NUMBER
International Standard Book Number 9716680287
040 ## - CATALOGING SOURCE
Original cataloging agency DWCL GS lib
Transcribing agency OC
082 ## - DEWEY DECIMAL CLASSIFICATION NUMBER
Classification number Res.(Fil.) 808.81 B336b 1998
100 ## - MAIN ENTRY--PERSONAL NAME
Personal name Batubalani, A.M.
245 ## - TITLE STATEMENT
Title Book of Poems
Statement of responsibility, etc. A.M. Batubalani
300 ## - PHYSICAL DESCRIPTION
Extent 111 pages:
Dimensions 12cm.
546 ## - LANGUAGE NOTE
Language note English
942 ## - ADDED ENTRY ELEMENTS (KOHA)
Source of classification or shelving scheme Dewey Decimal Classification
Koha item type Book- Reserved
Classification part Res.(Fil.)
Suppress in OPAC No
952 ## - LOCATION AND ITEM INFORMATION (KOHA)
--
952 ## - LOCATION AND ITEM INFORMATION (KOHA)
--
952 ## - LOCATION AND ITEM INFORMATION (KOHA)
--
952 ## - LOCATION AND ITEM INFORMATION (KOHA)
--
952 ## - LOCATION AND ITEM INFORMATION (KOHA)
--
Holdings
Withdrawn status Lost status Source of classification or shelving scheme Damaged status Not for loan Home library Current library Shelving location Date acquired Source of acquisition Total Checkouts Full call number Barcode Date last seen Copy number Price effective from Koha item type Uniform Resource Identifier
    Dewey Decimal Classification     Grade School Library Grade School Library Reserved 04/15/2026 School Fund, Donation   Res.(Fil.) 808.81 B336b 1998 19705 04/15/2026 c1 04/15/2026 BK-0 CIRC
    Dewey Decimal Classification     Grade School Library Grade School Library Reserved 04/15/2026 School Fund, Donation   Res.(Fil.) 808.81 B336b 1998 19704 04/15/2026 c2 04/15/2026 BK-0 CIRC
    Dewey Decimal Classification     Grade School Library Grade School Library Reserved 04/15/2026 School Fund, Donation   Res.(Fil.) 808.81 B336b 1998 19703 04/15/2026 c3 04/15/2026 BK-0 CIRC
    Dewey Decimal Classification     Grade School Library Grade School Library Reserved 04/15/2026 School Fund, Donation   Res.(Fil.) 808.81 B336b 1998 19702 04/15/2026 c4 04/15/2026 BK-0 CIRC
    Dewey Decimal Classification     Grade School Library Grade School Library Reserved 04/15/2026 School Fund, Donation   Res.(Fil.) 808.81 B336b 1998 19701 04/15/2026 c5 04/15/2026 BK-0 CIRC